| 000 -LEADER |
| fixed length control field |
01264cam a2200277 i 4500 |
| 001 - CONTROL NUMBER |
| control field |
17969722 |
| 005 - DATE AND TIME OF LATEST TRANSACTION |
| control field |
20201021133150.0 |
| 008 - FIXED-LENGTH DATA ELEMENTS--GENERAL INFORMATION |
| fixed length control field |
131212s2013 mnu b 001 0 eng |
| 010 ## - LIBRARY OF CONGRESS CONTROL NUMBER |
| LC control number |
2013417296 |
| 020 ## - INTERNATIONAL STANDARD BOOK NUMBER |
| International Standard Book Number |
9780314285324 |
| 041 ## - LANGUAGE CODE |
| Language code of text/sound track or separate title |
eng |
| 080 ## - UNIVERSAL DECIMAL CLASSIFICATION NUMBER |
| Universal Decimal Classification number |
341+347.9 N-74 |
| 100 1# - MAIN ENTRY--PERSONAL NAME |
| Personal name |
Nolan-Haley, Jacqueline M., |
| Dates associated with a name |
1949- |
| Relator term |
author. |
| 9 (RLIN) |
9629 |
| 245 10 - TITLE STATEMENT |
| Title |
Alternative dispute resolution in a nutshell / |
| Statement of responsibility, etc. |
by Jacqueline M. Nolan-Haley, Professor of Law, Director of ADR & Conflict Resolution Program, Fordham University, School of Law. |
| 250 ## - EDITION STATEMENT |
| Edition statement |
Fourth edition. |
| 264 #1 - PRODUCTION, PUBLICATION, DISTRIBUTION, MANUFACTURE, AND COPYRIGHT NOTICE |
| Place of production, publication, distribution, manufacture |
St. Paul, MN : |
| Name of producer, publisher, distributor, manufacturer |
West, |
| Date of production, publication, distribution, manufacture, or copyright notice |
[2013] |
| 300 ## - PHYSICAL DESCRIPTION |
| Extent |
526 pages ; |
| Dimensions |
19 cm. |
| 490 0# - SERIES STATEMENT |
| Series statement |
West nutshell series |
| 504 ## - BIBLIOGRAPHY, ETC. NOTE |
| Bibliography, etc. note |
Includes bibliographical references (pages 15-16) and index. |
| 505 0# - FORMATTED CONTENTS NOTE |
| Formatted contents note |
Introduction -- Negotiation -- Mediation -- Arbitration -- Dispute resolution in the court system -- Hybrid dispute resolution procedures. |
| 650 #0 - SUBJECT ADDED ENTRY--TOPICAL TERM |
| Topical term or geographic name entry element |
Dispute resolution (Law) |
| Geographic subdivision |
United States. |
| 9 (RLIN) |
9630 |
| 653 ## - INDEX TERM--UNCONTROLLED |
| keyword |
სამართალი |
| 653 ## - INDEX TERM--UNCONTROLLED |
| keyword |
დავების ალტერნატიული გადაწყვეტა მოკლედ |
| 856 41 - ELECTRONIC LOCATION AND ACCESS |
| Materials specified |
Table of contents only |
| Uniform Resource Identifier |
http://www.loc.gov/catdir/toc/fy14pdf04/2013417296.html |
| 942 ## - ADDED ENTRY ELEMENTS (KOHA) |
| Source of classification or shelving scheme |
|
| Koha item type |
წიგნი |